| 000 | 00629nam a2200217Ia 4500 | ||
|---|---|---|---|
| 003 | OSt | ||
| 005 | 20230329114605.0 | ||
| 008 | 210423s2009 xx 000 0 und d | ||
| 020 | _a9780073383194 | ||
| 040 | _cAL | ||
| 041 | _aeng | ||
| 082 |
_a363.7 _223 _b CUNW |
||
| 100 |
_aCUNNINGHAM (William P);CUNNINGHAM (Mary Ann). _979580 |
||
| 245 | _aPrinciples of environmental science: inquiry and applications. | ||
| 250 | _a5 | ||
| 260 |
_aBoston _bTata McGrawhill _c2009 |
||
| 300 |
_axxiii,408 _bPB |
||
| 365 |
_b6257 _cINR |
||
| 906 | _aapplications. ; environmental ; inquiry ; Principles ; science: | ||
| 942 |
_2ddc _cBK |
||
| 999 |
_c154457 _d154457 |
||